000 01738 a2200229 4500
001 21541
005 20260407155505.0
008 260407a2013 arg spa d
003 AR-UNSa-BCEJYS
040 _aAR-UNSa-BCEJYS
_bspa
_cAR-UNSa-BCEJYS
080 _a347.7
_xDerecho Mercantil. Derecho Comercial
245 1 0 _aCurso de derecho comercial
_pParte general
020 _a978-950-20-2328-1
250 _a5a. ed.
264 1 _aBuenos Aires :
_bAbeledo Perrot
_c2013
300 _a341 p.
_c24 cm.
505 _a1. Origen y evolución del derecho mercantil - 2. La ley aplicable en materia comercial. Usos y costumbres - 3. Actos de comercio - 4. La jurisdicción mercantil - 5. La empresa mercantil - 6. Órganos auxiliares y de control del comercio y de las sociedades - 7. El comerciante individual - 8. Nociones generales - 9. Elementos generales y específicos del contrato de sociedad - 10. Personalidad de las sociedades - 11. Formas de constitución. Ley aplicable. Interpretación del contrato - 12. Distinción de las sociedades civiles y comerciales. Distinción de otros contratos e instituciones. Socio aparente. Socio oculto - 13. Régimen de las sociedades constituidas en el extranjero - 14. Clasificación de las sociedades - 15. Transformación de la sociedad - 16. Fusión y escisión de sociedades - 17. Sociedades irregulares y de hecho - 18. Nulidad - 19. Derechos y obligaciones de los socios - 20. Administración de la sociedad - 21. Gobierno de la sociedad - 22. Disolución y liquidación
942 _cBK
590 _aniveau_biblio:m niveau_hierar:0
100 1 _aHalperin, Isaac
856 4 1 _uhttps://biblioeco.unsa.edu.ar/pmb/images/libros/Curso de Derecho Comercial 2.jpg
_yImagen de portada
_qimage/jpeg
999 _c807
_d807